000 00268nam a22001217a 4500
999 _c534449
_d534449
040 _cMSOHAIL
082 _a891.439301
100 _aMumtaz Mufti
_9370
245 _aGhubary - غبارے
260 _aLahore
_bAl-Faisal
_cc2008
300 _a144;pxv
942 _2ddc
_cBK